[Event "Amay - Eynatten 2"]
[Site "?"]
[Date "2013.02.03"]
[Round "8.8"]
[White "Lafosse, Jimmy"]
[Black "Dorr, Yannick"]
[Result "1-0"]
[WhiteElo "2160"]
[BlackElo "1886"]
[PlyCount "75"]
[EventDate "2013.02.02"]

1. Nf3 Nc6 2. c4 e5 3. Nc3 Nf6 4. d3 h6 5. g3 d5 6. cxd5 Nxd5 7. Bg2 Be6 8. O-O
Bc5 9. Bd2 O-O 10. a3 a6 11. b4 Bb6 12. Rc1 f6 13. Na4 Ba7 14. Nc5 Bxc5 15.
bxc5 Qd7 16. Qc2 Kh8 17. Rfd1 f5 18. e4 Nde7 19. Bc3 Ng6 20. Qb2 fxe4 21. dxe4
Qf7 22. Rd2 Rad8 23. Rxd8 Rxd8 24. Qxb7 Nd4 25. Nxd4 exd4 26. Ba5 d3 27. Qb2
Bc4 28. Bd2 Bb5 29. Bxh6 Rd7 30. Be3 Qe6 31. f4 Ne7 32. Bd2 Ng8 33. f5 Qe7 34.
e5 Qe8 35. f6 gxf6 36. exf6 Qf7 37. Rf1 Rd8 38. Rf4 1-0

[Event "Amay - Eynatten 2"]
[Site "?"]
[Date "2013.02.03"]
[Round "8.6"]
[White "Noiroux, Kevin"]
[Black "Vanstreels, Luk"]
[Result "0-1"]
[WhiteElo "2223"]
[BlackElo "2103"]
[PlyCount "136"]
[EventDate "2013.02.02"]

1. d4 Nf6 2. Nf3 e6 3. Bf4 c5 4. c3 cxd4 5. cxd4 Qb6 6. Nc3 Qxb2 7. Bd2 Qb6 8.
Rb1 Qd8 9. e4 d5 10. e5 Ne4 11. Nxe4 dxe4 12. Bg5 Qa5+ 13. Qd2 Qc7 14. Ng1 Bd7
15. Qb2 Nc6 16. f3 Bb4+ 17. Bd2 Bxd2+ 18. Qxd2 exf3 19. Nxf3 Rb8 20. Bd3 Qa5
21. Rf1 O-O 22. Qxa5 Nxa5 23. Ng5 h6 24. Ne4 Bc6 25. Rf2 Bd5 26. Ke2 b6 27. Ke3
Bxe4 28. Bxe4 Rbc8 29. d5 Rc3+ 30. Kd2 Ra3 31. dxe6 Rxa2+ 32. Bc2 fxe6 33. Rbf1
Rd8+ 34. Kc1 Ra1+ 35. Bb1 Ra3 36. Bg6 Rc3+ 37. Kb1 Rb3+ 38. Ka2 Re3 39. Bf7+
Kh7 40. Bxe6 Rxe5 41. Bf5+ Kg8 42. Bg6 Rg5 43. Bf7+ Kh8 44. h4 Rc5 45. Bg6 Rcc8
46. Bf5 Rb8 47. Rc1 Rf8 48. h5 Nb7 49. Rc7 Nd6 50. g4 Nxf5 51. gxf5 a5 52. Rg2
Rg8 53. Rd7 Rbd8 54. Rgxg7 Rxd7 55. Rxd7 Rg5 56. Rd6 Kh7 57. Rxb6 Rxf5 58. Rb7+
Kg8 59. Ra7 Rxh5 60. Ra8+ Kf7 61. Ra7+ Kg6 62. Ra6+ Kg5 63. Rxa5+ Kg4 64. Ra8
Rg5 65. Kb2 h5 66. Kc2 Kg3 67. Kd3 h4 68. Ke4 Rg4+ 0-1

[Event "Amay - Eynatten 1"]
[Site "?"]
[Date "2012.12.16"]
[Round "6.8"]
[White "Memeti, Kastriot"]
[Black "Zelbel, Patrick"]
[Result "1/2-1/2"]
[WhiteElo "2200"]
[BlackElo "2427"]
[PlyCount "92"]
[EventDate "2012.12.15"]

1. d4 Nf6 2. Nf3 d5 3. c3 Bf5 4. Qb3 Qc8 5. Bf4 e6 6. c4 Nbd7 7. Nc3 c6 8. h3
Be7 9. e3 h6 10. Be2 O-O 11. O-O a6 12. Rac1 Re8 13. cxd5 exd5 14. Rfe1 Bd8 15.
Nd2 Nf8 16. Bf1 Ne6 17. Be5 Qd7 18. Na4 b5 19. Nc5 Nxc5 20. Rxc5 Ba5 21. Bxf6
Bxd2 22. Re2 Ba5 23. Be5 Qe6 24. Qa3 Bd8 25. Qc3 Rc8 26. Qd2 Qg6 27. Bg3 h5 28.
h4 a5 29. Re1 Be7 30. Rec1 Bxc5 31. Rxc5 Ra8 32. Qc3 Re6 33. Be2 b4 34. Qd2 Bb1
35. a3 bxa3 36. bxa3 a4 37. Qd1 Ba2 38. Bxh5 Qb1 39. Rc1 Qb2 40. Rc2 Qb1 41.
Rc1 Qb3 42. Qd2 Bb1 43. Bd1 Qb5 44. Bg4 Rg6 45. Be2 Qb3 46. h5 Re6 1/2-1/2

[Event "Amay - Deurne"]
[Site "?"]
[Date "2013.02.17"]
[Round "9.7"]
[White "Memeti, Kastriot"]
[Black "Van Herck, Marcel"]
[Result "0-1"]
[WhiteElo "2200"]
[BlackElo "2144"]
[PlyCount "54"]
[EventDate "2013.??.??"]

1. d4 Nf6 2. Nf3 e6 3. Bf4 d5 4. e3 c5 5. c3 Qb6 6. Qb3 c4 7. Qc2 Ne4 8. Nbd2
f5 9. Nxe4 fxe4 10. Ne5 Nd7 11. Be2 Bd6 12. Nxd7 Bxd7 13. f3 exf3 14. Bxf3 O-O
15. Bxd6 Qxd6 16. O-O Be8 17. e4 Bg6 18. Qe2 Rae8 19. Rae1 b5 20. a3 e5 21.
dxe5 Rxe5 22. Qd2 Qb6+ 23. Qd4 dxe4 24. Qxb6 axb6 25. Re3 Rd8 26. Rfe1 Rd2 27.
R1e2 exf3 0-1

[Event "Amay - Deurne"]
[Site "?"]
[Date "2013.02.17"]
[Round "9.5"]
[White "Moussard, Jules"]
[Black "Schuermans, Robert"]
[Result "1-0"]
[WhiteElo "2412"]
[BlackElo "2187"]
[PlyCount "49"]
[EventDate "2013.??.??"]

1. e4 e5 2. Nf3 Nc6 3. Bb5 f5 4. Nc3 Nd4 5. Bc4 c6 6. O-O Nf6 7. Nxe5 Qc7 8.
Re1 Be7 9. Nf7 b5 10. Nxh8 bxc4 11. e5 Ng4 12. h3 Nxe5 13. Qh5+ g6 14. Qxh7 d6
15. Nxg6 Nxc2 16. Qh8+ Kd7 17. Rxe5 dxe5 18. Nxe5+ Ke6 19. d4 Bb7 20. Qh7 Rf8
21. Bh6 Rf6 22. Qg8+ Kd6 23. Bf4 Qc8 24. Nxc6+ Kd7 25. Nb8+ 1-0

[Event "Amay - Deurne"]
[Site "?"]
[Date "2013.02.17"]
[Round "9.3"]
[White "Zaragatski, Ilja"]
[Black "Rooze, Jan"]
[Result "1-0"]
[WhiteElo "2462"]
[BlackElo "2316"]
[PlyCount "65"]
[EventDate "2013.??.??"]

1. Nf3 Nf6 2. g3 d5 3. Bg2 c6 4. O-O Bg4 5. c4 e6 6. d3 Be7 7. cxd5 Bxf3 8.
Bxf3 cxd5 9. Qb3 Qd7 10. Nc3 Nc6 11. Bg2 O-O 12. e4 Rfd8 13. exd5 Nxd5 14. Nxd5
exd5 15. Bd2 Bc5 16. Rac1 Bb6 17. Be3 Nd4 18. Qd1 Rac8 19. Rc3 Rc6 20. Kh1 Qc8
21. Rxc6 bxc6 22. Qa4 Nb5 23. Rc1 Qf5 24. Bxb6 axb6 25. Rxc6 Qxf2 26. Qf4 Qxb2
27. Bxd5 Qb1+ 28. Kg2 Qxd3 29. Bxf7+ Kh8 30. Bc4 Qc2+ 31. Kh3 Nc3 32. Bb3 Qb2
33. Qd4 1-0

[Event "Amay - Deurne"]
[Site "?"]
[Date "2013.02.17"]
[Round "9.1"]
[White "Bok, Benjamin"]
[Black "Froeyman, Helmut"]
[Result "1-0"]
[WhiteElo "2512"]
[BlackElo "2343"]
[PlyCount "193"]
[EventDate "2013.??.??"]

1. e4 e5 2. Nf3 Nc6 3. Bb5 a6 4. Ba4 Nf6 5. O-O Be7 6. d3 d6 7. c3 O-O 8. Re1
b5 9. Bc2 d5 10. Nbd2 dxe4 11. dxe4 Be6 12. a4 b4 13. Qe2 Qc8 14. Nc4 Nd7 15.
Ng5 Bxg5 16. Bxg5 Qb7 17. Red1 Nc5 18. Be3 b3 19. Bb1 Nxa4 20. Bd3 Nb6 21. Nxb6
cxb6 22. Bxa6 Qc7 23. Bc4 Nd4 24. cxd4 Bxc4 25. Qd2 exd4 26. Bxd4 Rxa1 27. Rxa1
Be6 28. Qe3 f6 29. Bxb6 Qc2 30. Bd4 Rd8 31. h3 Bc4 32. e5 Qd3 33. Qxd3 Bxd3 34.
Bc3 fxe5 35. Bxe5 Rd7 36. Ra8+ Kf7 37. Kh2 Be4 38. Ra4 Bc2 39. Rb4 Ke6 40. Bc3
Rf7 41. f3 g6 42. Rb5 h5 43. Kg3 Rf5 44. Rb6+ Kf7 45. Kf2 Rc5 46. Ke3 Rd5 47.
Rb7+ Ke6 48. Bd4 Rd7 49. Rb5 Rd5 50. Rb4 Rd7 51. Kf4 Rd5 52. h4 Rf5+ 53. Ke3
Rd5 54. Rb6+ Rd6 55. Rb8 Rd5 56. Rf8 Rf5 57. Re8+ Kd7 58. Rb8 Rd5 59. g4 hxg4
60. fxg4 Rd6 61. Rb7+ Ke6 62. Rb4 Kd5 63. Rb5+ Ke6 64. Rb4 Kd5 65. Bc3 Re6+ 66.
Kf3 Re8 67. h5 gxh5 68. gxh5 Re4 69. Rb6 Re6 70. Rb8 Rh6 71. Kf4 Bd1 72. Bg7
Re6 73. Rd8+ Rd6 74. Rh8 Rd7 75. h6 Bc2 76. Re8 Rf7+ 77. Ke3 Rc7 78. Re5+ Kc4
79. Re4+ Bxe4 80. Kxe4 Re7+ 81. Kf5 Kd3 82. h7 Rxg7 83. h8=Q Rf7+ 84. Ke6 Rf3
85. Qc3+ Ke2 86. Qc4+ Kd2 87. Kd5 Re3 88. Kc5 Rd3 89. Kb4 Re3 90. Qd4+ Ke2 91.
Qxe3+ Kxe3 92. Kxb3 Kd4 93. Kb4 Kd5 94. Kb5 Kd6 95. Kb6 Kd7 96. b4 Kc8 97. Ka7
1-0

[Event "Amay - CREC"]
[Site "?"]
[Date "2012.10.07"]
[Round "2.7"]
[White "Noiroux, Kevin"]
[Black "Bauduin, Etienne"]
[Result "1-0"]
[WhiteElo "2168"]
[BlackElo "2249"]
[PlyCount "79"]
[EventDate "2012.??.??"]

1. d4 Nf6 2. Nf3 g6 3. Nc3 d5 4. Bf4 Bg7 5. e3 O-O 6. Be2 c5 7. O-O Nc6 8. Ne5
cxd4 9. exd4 Be6 10. Nxc6 bxc6 11. Na4 Nd7 12. c3 f6 13. Ba6 g5 14. Bd2 Rb8 15.
Bd3 Bf7 16. f4 e5 17. fxe5 fxe5 18. Qg4 h6 19. Bf5 Nf6 20. Qh3 exd4 21. cxd4
Ne4 22. Bc3 Qd6 23. Rad1 Rfe8 24. Bh7+ Kxh7 25. Rxf7 Re7 26. Rdf1 Kg8 27. Qf5
Rxf7 28. Qxf7+ Kh8 29. Qxa7 Rf8 30. Rf7 Qg6 31. Rxf8+ Bxf8 32. Qb8 Qf7 33. Be1
Kh7 34. Qb3 Bd6 35. Qf3 Qa7 36. Qd1 Bf4 37. Bf2 Qe7 38. Qd3 Qf6 39. Bg3 Bxg3
40. hxg3 {Time} 1-0

[Event "Amay - CREC"]
[Site "?"]
[Date "2012.10.07"]
[Round "2.3"]
[White "Zaragatski, Ilja"]
[Black "Saiboulatov, Danial"]
[Result "1/2-1/2"]
[WhiteElo "2462"]
[BlackElo "2384"]
[PlyCount "28"]
[EventDate "2012.??.??"]

1. Nf3 Nf6 2. g3 b5 3. Bg2 Bb7 4. d4 e6 5. O-O Be7 6. Bg5 Na6 7. Qd3 Nb4 8. Qd1
Na6 9. Nbd2 c5 10. c3 h6 11. Bxf6 Bxf6 12. a3 O-O 13. b4 cxd4 14. cxd4 Qb6
1/2-1/2

[Event "Amay - CREC"]
[Site "?"]
[Date "2012.10.07"]
[Round "2.1"]
[White "Bok, Benjamin"]
[Black "Houriez, Clément"]
[Result "1-0"]
[WhiteElo "2512"]
[BlackElo "2305"]
[PlyCount "125"]
[EventDate "2012.??.??"]

1. e4 c5 2. Nf3 d6 3. d4 Nf6 4. Nc3 cxd4 5. Nxd4 a6 6. Be3 e5 7. Nf3 Be7 8. Bc4
O-O 9. O-O Nc6 10. Qe2 Na5 11. Bb3 Nxb3 12. axb3 h6 13. Rfd1 Qe8 14. Nd2 Qc6
15. Nc4 Be6 16. f3 Rab8 17. Nb6 Bd8 18. Nbd5 Rc8 19. Rac1 Bxd5 20. Nxd5 Nxd5
21. Rxd5 Bb6 22. c3 Rfe8 23. Rcd1 Re6 24. Kh1 Bxe3 25. Qxe3 Qd7 26. c4 Rc6 27.
Qd3 Qc7 28. Rc1 Re8 29. b4 Rc8 30. b3 Re8 31. Rd1 Re6 32. Qd2 Kh7 33. g3 Qe7
34. Kg2 h5 35. Qe3 Qf6 36. b5 axb5 37. Rxb5 Qe7 38. Ra1 Qd7 39. Ra7 Re7 40. Ra8
g6 41. Qg5 Kg7 42. Rd5 Re8 43. Ra7 Qc7 44. Qd2 Qb6 45. Ra3 Qc7 46. Ra1 Rb6 47.
Qc3 Kh7 48. Qd3 Rc6 49. h3 Kg7 50. Qd2 Rb6 51. Qa5 Qc6 52. Qc3 Ra6 53. Rxa6
Qxa6 54. Qd2 Re6 55. Ra5 Qc6 56. Rb5 Qa6 57. Ra5 Qc6 58. Qa2 Re8 59. Rb5 Re7
60. Qa7 Rd7 61. Qa8 Qc7 62. Qa3 Qc6 63. Qa5 $138 1-0

[Event "Amay - Borgerhout"]
[Site "Antwerpen"]
[Date "2013.03.03"]
[Round "10.8"]
[White "Memeti, Kastriot"]
[Black "Lombaers, Peter"]
[Result "0-1"]
[WhiteElo "2200"]
[BlackElo "2142"]
[PlyCount "80"]
[EventDate "2013.??.??"]
[EventRounds "11"]
[EventCountry "BEL"]

1. d4 f5 2. Nc3 Nf6 3. Bg5 d5 4. Bxf6 exf6 5. e3 Be6 6. Bd3 Nc6 7. a3 Qd7 8.
Qf3 g6 9. Nge2 Ne7 10. h3 O-O-O 11. a4 Kb8 12. a5 g5 13. Na4 Ng6 14. Nc5 Bxc5
15. dxc5 Ne5 16. Qg3 Qe7 17. O-O Qxc5 18. Nd4 Bd7 19. f4 Nxd3 20. cxd3 Qd6 21.
b4 g4 22. Rab1 gxh3 23. Qxh3 Rhg8 24. b5 Rg7 25. Qh5 Rdg8 26. Rf2 Qa3 27. Qd1
Qxa5 28. Qb3 Qb6 29. Qxd5 c5 30. Nxf5 Be6 31. Qe4 Rd7 32. d4 Bd5 33. Qc2 Qe6
34. Ra1 Be4 35. Qa4 b6 36. Nh6 Rxg2+ 37. Rxg2 Bxg2 38. Ra3 Be4 39. dxc5 f5 40.
Ra2 Qxh6 0-1

[Event "Amay - Borgerhout"]
[Site "Antwerpen"]
[Date "2013.03.03"]
[Round "10.6"]
[White "Moussard, Jules"]
[Black "Diepeveen, Vincent"]
[Result "1-0"]
[WhiteElo "2412"]
[BlackElo "2314"]
[PlyCount "95"]
[EventDate "2013.??.??"]
[EventRounds "11"]
[EventCountry "BEL"]

1. e4 c6 2. d4 d5 3. f3 e6 4. Nc3 Bb4 5. a3 Bxc3+ 6. bxc3 dxe4 7. Nh3 Qa5 8.
Qd2 Nf6 9. Be2 e5 10. Ng5 exf3 11. Bxf3 h6 12. Ne4 Nxe4 13. Bxe4 f5 14. Bf3 O-O
15. O-O e4 16. Be2 Be6 17. Rb1 b6 18. Qe3 Qd5 19. c4 Qd6 20. a4 c5 21. d5 Bc8
22. Bb2 Nd7 23. g4 Qg6 24. Kh1 fxg4 25. Rxf8+ Nxf8 26. Rf1 Bd7 27. Qf4 Re8 28.
a5 h5 29. Qc7 e3 30. Rxf8+ Rxf8 31. Qxd7 Qe4+ 32. Kg1 Rf7 33. Qd8+ Rf8 34. Qc7
Rf7 35. Qb8+ Rf8 36. Qxa7 Rf7 37. Qb8+ Rf8 38. Qc7 Rf7 39. Qd8+ Rf8 40. Qg5 Rf7
41. Bc3 bxa5 42. d6 h4 43. Qd8+ Rf8 44. Qc7 Qg6 45. d7 g3 46. d8=Q gxh2+ 47.
Kxh2 Qg3+ 48. Kh1 1-0

[Event "Amay - Borgerhout"]
[Site "Antwerpen"]
[Date "2013.03.03"]
[Round "10.4"]
[White "Zaragatski, Ilja"]
[Black "De Haan, Eric"]
[Result "1/2-1/2"]
[WhiteElo "2462"]
[BlackElo "2362"]
[PlyCount "103"]
[EventDate "2013.??.??"]
[EventRounds "11"]
[EventCountry "BEL"]

1. Nf3 c5 2. g3 Nc6 3. Bg2 e5 4. c4 g6 5. Nc3 Bg7 6. a3 Nge7 7. b4 d5 8. bxc5
dxc4 9. Qa4 O-O 10. O-O Na5 11. Rb1 Bd7 12. Qc2 f5 13. d3 cxd3 14. exd3 h6 15.
Re1 Nec6 16. Nb5 Be6 17. Bb2 Ba2 18. Rbc1 Bb3 19. Qe2 Re8 20. Nd6 Re7 21. Nd2
Be6 22. N2c4 Nxc4 23. dxc4 e4 24. Bxg7 Rxg7 25. Qb2 Qa5 26. Nxb7 Qa4 27. Nd6
Rb8 28. Qf6 Bd7 29. Rcd1 Qxa3 30. Nxe4 fxe4 31. Rxd7 Rxd7 32. Qxg6+ Rg7 33.
Qe6+ Rf7 34. Qg6+ Rg7 35. Qe6+ Rf7 36. Qxc6 Qc3 37. Qxe4 Qf6 38. Qg4+ Kh8 39.
Rf1 Rb2 40. Qc8+ Rf8 41. Qc6 Rxf2 42. Qxf6+ R2xf6 43. Ra1 R8f7 44. Bd5 Rc7 45.
Ra5 Kg7 46. Kg2 Kf8 47. h4 h5 48. c6 Rf5 49. Rb5 Ke7 50. Bf3 Kf6 51. Rb7 Re7
52. c7 1/2-1/2

[Event "Amay - Borgerhout"]
[Site "Antwerpen"]
[Date "2013.03.03"]
[Round "10.2"]
[White "Kiselev, Vitaliy"]
[Black "Docx, Stefan"]
[Result "1/2-1/2"]
[WhiteElo "2517"]
[BlackElo "2442"]
[PlyCount "162"]
[EventDate "2013.??.??"]
[EventRounds "11"]
[EventCountry "BEL"]

1. d4 Nf6 2. c4 g6 3. Nc3 d5 4. cxd5 Nxd5 5. Na4 Bg7 6. e4 Nb6 7. Be3 O-O 8.
Nf3 Bg4 9. Be2 Nc6 10. d5 Ne5 11. Nxe5 Bxe2 12. Kxe2 Bxe5 13. Nxb6 axb6 14. Qb3
Qd7 15. f3 Ra5 16. Rab1 Rfa8 17. a3 Rb5 18. Qc2 e6 19. a4 Rb4 20. dxe6 Qxe6 21.
b3 Re8 22. Bd2 Rd4 23. Be3 Rdd8 24. Rbd1 Rxd1 25. Rxd1 Bxh2 26. Kf1 Bd6 27. Bg1
h5 28. Qd3 h4 29. Bxb6 h3 30. gxh3 Qxh3+ 31. Ke2 Qh2+ 32. Bf2 Bc5 33. Rf1 Re6
34. Qd8+ Kg7 35. Qg5 f5 36. Qg3 Qxg3 37. Bxg3 fxe4 38. Bxc7 exf3+ 39. Kxf3 Re3+
40. Kg4 Rxb3 41. Be5+ Kg8 42. Kg5 Re3 43. Kf6 Bf8 44. Bf4 Ra3 45. Kxg6 Rxa4 46.
Be5 b5 47. Rh1 Ra6+ 48. Kf5 Be7 49. Rh8+ Kf7 50. Rb8 b4 51. Rb7 Rc6 52. Bd4 Rc1
53. Ke5 Rh1 54. Kd5 Rh5+ 55. Kc4 Ke6 56. Rxe7+ Kxe7 57. Kxb4 Kd6 58. Kc4 Rh4
59. Kd3 Kd5 60. Bb6 Rb4 61. Bc7 Re4 62. Bb8 Rh4 63. Ke3 Rc4 64. Kf3 Rc2 65. Ke3
Rc8 66. Bg3 Rc3+ 67. Kf4 Ra3 68. Bh2 Ke6 69. Bg1 Ra2 70. Be3 Ra4+ 71. Kg5 Ke5
72. Bb6 Rc4 73. Bf2 Rc3 74. Kg4 Ke4 75. Kg5 Ra3 76. Bb6 Rf3 77. Bc7 Rf5+ 78.
Kg6 Rb5 79. Kf6 Rc5 80. Bb8 Rc8 81. Bg3 Rc6+ 1/2-1/2

[Event "Amay - Anderlecht"]
[Site "?"]
[Date "2012.10.21"]
[Round "3.7"]
[White "Memeti, Kastriot"]
[Black "Tonoli, Walter"]
[Result "0-1"]
[WhiteElo "2196"]
[BlackElo "2194"]
[PlyCount "52"]
[EventDate "2012.??.??"]

1. d4 g6 2. Nf3 Bg7 3. c3 f5 4. h3 Nf6 5. g4 d5 6. Bf4 fxg4 7. Ne5 O-O 8. Qc1
gxh3 9. Bxh3 Bxh3 10. Rxh3 Qc8 11. Rh4 Qf5 12. Bh6 Nh5 13. Nd3 Nd7 14. Bxg7
Kxg7 15. c4 Qf6 16. Rg4 Qe6 17. Qg5 Rf5 18. Qh4 dxc4 19. d5 Rxd5 20. Re4 Qf6
21. Rxe7+ Kf8 22. Qxc4 Nb6 23. Qxc7 Qxe7 24. Qc2 Rc8 25. Nc3 Qg5 26. Kf1 Qh4
0-1

[Event "Amay - Anderlecht"]
[Site "?"]
[Date "2012.10.21"]
[Round "3.5"]
[White "Buscher, Michael"]
[Black "Van Mechelen, Jan"]
[Result "1/2-1/2"]
[WhiteElo "2334"]
[BlackElo "2243"]
[PlyCount "70"]
[EventDate "2012.??.??"]

1. Nf3 Nf6 2. c4 g6 3. g3 Bg7 4. Bg2 O-O 5. O-O d6 6. d4 Nbd7 7. Nc3 e5 8. e4
c6 9. Re1 Qb6 10. d5 cxd5 11. cxd5 Nc5 12. Rb1 a5 13. h3 Bd7 14. Be3 Rfc8 15.
Nd2 Qd8 16. Bf1 Ne8 17. Nb3 b6 18. Kh2 f5 19. Nxc5 bxc5 20. exf5 gxf5 21. Bc4
Rab8 22. Qe2 Rc7 23. Bd2 Rcb7 24. b3 Nf6 25. a4 Be8 26. f3 Re7 27. Rbd1 e4 28.
Qf2 Bh5 29. fxe4 Bxd1 30. Rxd1 fxe4 31. Ne2 Rf7 32. Qg2 Nh5 33. Qxe4 Kh8 34.
Nf4 Nxf4 35. Bxf4 Rbb7 1/2-1/2

[Event "Amay - Anderlecht"]
[Site "?"]
[Date "2012.10.21"]
[Round "3.3"]
[White "Tan, Matthew"]
[Black "Van Overdam, Julian"]
[Result "1/2-1/2"]
[WhiteElo "2428"]
[BlackElo "2285"]
[PlyCount "94"]
[EventDate "2012.??.??"]

1. d4 Nf6 2. Nc3 d5 3. Bg5 Nbd7 4. Qd3 g6 5. h4 c6 6. O-O-O Bg7 7. f3 O-O 8. e4
dxe4 9. fxe4 Ng4 10. Qf3 Ngf6 11. Bc4 h6 12. Bf4 Nh5 13. Nge2 e5 14. dxe5 Qe8
15. Bb3 Nxe5 16. Bxe5 Bxe5 17. g4 Ng7 18. h5 g5 19. Nd4 Be6 20. Rhe1 Rd8 21.
Nf5 Bxb3 22. axb3 Qe6 23. Kb1 Qf6 24. Re3 Rxd1+ 25. Qxd1 Rd8 26. Rd3 Rxd3 27.
Qxd3 Nxf5 28. exf5 Bxc3 29. bxc3 Kg7 30. Kb2 b5 31. b4 Qe7 32. Qf3 Qd6 33. Qe4
Qd7 34. Qe5+ Kh7 35. Qb8 Kg7 36. Qa8 Qc7 37. Qe8 a5 38. bxa5 Qxa5 39. Qxc6 b4
40. Qc4 Qa3+ 41. Kb1 bxc3 42. Qd4+ Kh7 43. Qb6 Qe7 44. Ka2 Qe2 45. Qb3 Qa6+ 46.
Kb1 Qf1+ 47. Ka2 Qa6+ 1/2-1/2

[Event "Amay - Anderlecht"]
[Site "?"]
[Date "2012.10.21"]
[Round "3.1"]
[White "Prié, Eric"]
[Black "Beeckmans, Félix"]
[Result "1-0"]
[WhiteElo "2510"]
[BlackElo "2301"]
[PlyCount "59"]
[EventDate "2012.??.??"]

1. d4 d6 2. Bf4 g6 3. Nc3 Bg7 4. Nf3 Nd7 5. Qd2 c6 6. O-O-O Qc7 7. Kb1 b5 8. e4
e5 9. dxe5 dxe5 10. Bg3 a6 11. Be2 Bb7 12. h4 Ngf6 13. h5 Nxh5 14. Rxh5 gxh5
15. Qg5 Rg8 16. a3 h6 17. Qh4 Bf8 18. Qxh5 O-O-O 19. Qxf7 Bg7 20. Qe6 Rde8 21.
Qh3 Bf6 22. Nh4 Bxh4 23. Bxh4 c5 24. Bg4 Rg7 25. Bf6 Rf7 26. Bh5 Ref8 27. Bxf7
Rxf7 28. Bh4 Kb8 29. Qe6 Nb6 30. Bd8 1-0

[Event "Amay  - Eynatten 1"]
[Site "?"]
[Date "2012.12.16"]
[Round "6.4"]
[White "Burg, Twan"]
[Black "Drabke, Lorenz-Maximilian"]
[Result "1/2-1/2"]
[WhiteElo "2470"]
[BlackElo "2431"]
[PlyCount "60"]
[EventDate "2012.12.15"]

1. e4 c5 2. Nf3 e6 3. d4 cxd4 4. Nxd4 a6 5. c4 Nf6 6. Nc3 Qc7 7. a3 b6 8. Be3
Bb7 9. f3 Be7 10. Rc1 d6 11. Be2 Nbd7 12. O-O O-O 13. Kh1 Rfc8 14. b4 Qd8 15.
Na4 Rab8 16. Re1 Bf8 17. Bf1 d5 18. exd5 exd5 19. Bf4 Ra8 20. Nf5 Rc6 21. Nd4
Rcc8 22. Nf5 Rc6 23. Nb2 a5 24. Qb3 axb4 25. axb4 Re6 26. Bg5 h6 27. Bh4 Rxe1
28. Rxe1 g6 29. Ne3 dxc4 30. Nexc4 Qc7 1/2-1/2

[Event "Amay  - Eynatten 1"]
[Site "?"]
[Date "2012.12.16"]
[Round "6.2"]
[White "Bojkov, Dejan"]
[Black "Levin, Felix"]
[Result "1/2-1/2"]
[WhiteElo "2556"]
[BlackElo "2509"]
[PlyCount "46"]
[EventDate "2012.12.15"]

1. e4 e5 2. Nf3 Nc6 3. Bc4 Nf6 4. d3 Be7 5. O-O O-O 6. Bb3 d6 7. c3 Na5 8. Bc2
c5 9. a3 Nc6 10. b4 a6 11. Re1 Re8 12. h3 h6 13. Nbd2 b5 14. d4 cxd4 15. cxd4
Nxd4 16. Nxd4 exd4 17. Bb2 Nd7 18. Bxd4 Bf6 19. Nf1 Be5 20. Ne3 Nf6 21. Qd3 Be6
22. Rad1 Rc8 23. Bb1 Nh5 1/2-1/2